Franks, N.: Operace: Bodenplatte

Podrobná bibliografia
Hlavný autor: Kalina, J. (Autor)
Médium: Článok
Jazyk:slovenčina
ISSN:1335-3314
Predmet:

MARC

LEADER 00000nab a2200000 a 4500
001 vtls000701514
003 SK-MaSNL
005 20260305032243.0
008 250505c1999 xo 0 slo
015 |a SNBRB1999/09-22062 
035 |a CLN000053681 
035 |a (urnnbn)urn:nbn:sk:snk:ar-a085mn 
035 |a (uuid)b72c0207-9ba3-4000-aafb-513953796328 
035 |a urn:nbn:sk:snk-ab8d8w 
040 |a SNKBUCL  |b slo  |c SNKBUCL  |e AACR2 
041 0 |a slo 
044 |a xo  |c SK 
080 |a 940.53  |x (048)  |2 1981 
080 |a 355.489  |x "1945"  |x (048)  |2 1981 
080 |a 943.0  |x "1945"  |x (048)  |2 1981 
100 1 |a Kalina, J.  |4 aut  |9 1225272 
245 1 0 |a Franks, N.: Operace: Bodenplatte  |c J. Kalina 
648 7 |a 1945  |2 snkbucl  |9 287702 
650 0 7 |a druhá svetová vojna (1939-1945)  |2 snkbucl  |9 169657 
650 0 7 |a Bodenplatte, letecká operácia, 1945  |s nkbucl  |2 snkbucl  |9 133250 
651 7 |a Nemecko  |x dejiny  |2 snkbucl  |9 27870 
773 0 |t Vojenská história  |g Roč. 3, č. 1 (1999), s. 120  |x 1335-3314 
787 0 8 |i Rec.:  |a Franks, N.  |t Operace: Bodenplatte  |d Plzeň : Mustang, 1996 
850 |a Slovenská národná knižnica 
852 |a Slovenská národná knižnica 
954 |a odborná, vedecká literatúra pôvodná (slovenská)  |2 lita 
958 |a article9 
958 |a CZ 
958 |a DE 
958 |a OND 
958 |a EUIPO 
999 |c 3319313  |d 3321243